Contagion among central and eastern european stock markets during the financial crisis

Moderné kvantitatívne metódy v modelovaní akciových trhov vybraných krajín strednej a východnej Európy. Analýza spoločnej dynamiky a šírenia nákazy medzi burzami cenných papierov v Českej republike, Poľsku, Maďarsku a Nemecku prostredníctvom skúmania ich vzájomných prepojení v období nedávnej finanč...

Descripción completa

Guardado en:
Detalles Bibliográficos
Autor principal: Baruník, Jozef
Otros Autores: Vácha, Lukáš
Formato: Capítulo de libro
Lenguaje:inglés
Materias:
Etiquetas: Agregar Etiqueta
Sin Etiquetas, Sea el primero en etiquetar este registro!

MARC

LEADER 00000naa a2200000 4500
001 0191988
005 20231010120358.2
041 0 |a eng 
044 |a CZ 
245 1 0 |a Contagion among central and eastern european stock markets during the financial crisis  |c Jozef Baruník, Lukáš Vácha 
520 |a Moderné kvantitatívne metódy v modelovaní akciových trhov vybraných krajín strednej a východnej Európy. Analýza spoločnej dynamiky a šírenia nákazy medzi burzami cenných papierov v Českej republike, Poľsku, Maďarsku a Nemecku prostredníctvom skúmania ich vzájomných prepojení v období nedávnej finančnej krízi na vysokofrekvenčných údajoch. Použitie nástrojov vlnkovej analýzy (wavelet analysis). 
610 2 0 |a kríza finančná 
610 2 0 |a trh akciový 
610 2 0 |a SVE 
610 2 0 |a modelovanie 
100 1 |a Baruník, Jozef 
700 1 |a Vácha, Lukáš